Crash course in library supervision [ meeting the key players

Bibliographic Details
Main Authors: Tucker, Dennis C. (Author), Mosley, Shelley , 1950- (Author)
Format: Book
Language:English
Published: Westport, Conn : Libraries Unlimited , c2008
Series:Libraries Unlimited's crash course series
Subjects:
Online Access:NetLibrary

MARC

LEADER 00000cam a2200000 7i4500
001 0000070430
005 20111010093000.0
008 110224s2008 ctu eng
020 |a 0313097003 (electronic bk.) 
020 |a 9780313097003 (electronic bk.) 
020 |a 9781591585640 
090 0 0 |a Z682   |b .T83 2008 
100 1 |a Tucker, Dennis C. ,   |e author 
245 1 0 |a Crash course in library supervision [  |h electronic resource] :   |b meeting the key players   |c Dennis C. Tucker and Shelley Elizabeth Mosley 
260 |a Westport, Conn :   |b Libraries Unlimited ,   |c c2008 
300 |a 1 online resource (ix, 139 p.) 
490 1 |a Libraries Unlimited's crash course series 
500 |a Description based on print version record 
504 |a Includes bibliographical references (p 123-129) and index 
650 0 |a Library administration   |x Handbooks, manuals, etc. 
650 0 |a Library personnel management   |x Handbooks, manuals, etc. 
650 0 |a Supervision of employees   |x Handbooks, manuals, etc. 
700 1 |a Mosley, Shelley ,   |d 1950- ,   |e author 
856 4 0 |3 NetLibrary   |u http://www.netlibrary.com/urlapi.asp?action=summary&v=1&bookid=218194 
999 |a 1000137467   |b Electronic Book   |c Electronic Resource   |e Gong Badak Campus